Giáo trình đánh giá đất đai = Land evaluation

Giáo trình giúp sinh viên nắm bắt được các vấn đề cơ bản về đất đai và wsng dụng các qui trình của FAO để xây dựng các đơn vị đất đai trên cơ sở của các đặc tính đất đai, sự liên quan giữa đất đai và sử dụng đất đai với các yếu tố t...

Volledige beschrijving

Bewaard in:
Bibliografische gegevens
Hoofdauteur: Lê, Quang Trí
Formaat: Boek
Taal:Undetermined
Gepubliceerd in: Cần Thơ Đại học Cần Thơ 2010
Onderwerpen:
Tags: Voeg label toe
Geen labels, Wees de eerste die dit record labelt!
Thư viện lưu trữ: Trung tâm Học liệu Trường Đại học Cần Thơ
LEADER 01626nam a2200241Ia 4500
001 CTU_156036
008 210402s9999 xx 000 0 und d
020 |c 38000 
082 |a 631.47 
082 |b Tr300 
100 |a Lê, Quang Trí 
245 0 |a Giáo trình đánh giá đất đai = 
245 0 |b Land evaluation 
245 0 |c Lê Quang Trí 
260 |a Cần Thơ 
260 |b Đại học Cần Thơ 
260 |c 2010 
520 |a Giáo trình giúp sinh viên nắm bắt được các vấn đề cơ bản về đất đai và wsng dụng các qui trình của FAO để xây dựng các đơn vị đất đai trên cơ sở của các đặc tính đất đai, sự liên quan giữa đất đai và sử dụng đất đai với các yếu tố tác động trong hệ thống sử dụng đất đai. 
526 |a Đánh giá tính thích nghi đất nông nghiệp,Đánh giá và quy hoạch sử dụng đất ứng dụng,Quản lý đất đai và Biến đổi khí hậu,Đánh giá đất,Chiến lược phát triển tài nguyên đất đai,Phát triển bền vững tài nguyên đất đai,Đánh giá đất đai nâng cao,Biến đổi khí hậu 
526 |b PDH603,NN695,MT908,NN508,MT261,MT222,MT659,MTD605 
650 |a Land use, rural,Soil science,Soil surveys,Đánh giá đất đai,Khoa học đất,Đất nông nghiệp 
904 |i H.Mai 
980 |a Trung tâm Học liệu Trường Đại học Cần Thơ